| 000 | 01079nam a22002537a 4500 | ||
|---|---|---|---|
| 005 | 20170124102932.0 | ||
| 010 | _a997886 | ||
| 020 | _c18.00 | ||
| 035 | _a997886 | ||
| 037 | _bCen Lib/Ret | ||
| 040 |
_aDPL _bHN |
||
| 082 |
_a820.4 _bजैन |
||
| 100 |
_aजैन ,निर्मला _943761 |
||
| 245 |
_aआधुनिक साहित्य :मूल्य और मुल्यांकन / _cनिर्मला जैन |
||
| 246 |
_aadhunik sahitya :muly or mulyankan _bby Nirmala Jain |
||
| 260 |
_aनई दिल्ली _bराजकमल प्रकाशन _c1980 |
||
| 270 |
_a8, नेता जी सुभाष मार्ग _b नई दिल्ली _e110002 |
||
| 300 |
_a143पृष्ठ. _c20सेमी (सजिल्द ) |
||
| 650 |
_aहिंदी साहित्य _945524 |
||
| 650 |
_aआधुनिक काल -छायावाद _943989 |
||
| 650 |
_ahindi literature _945525 |
||
| 650 |
_aLiterature and Criticism _945526 |
||
| 942 |
_2ddc _cHN _h820.4 _mजैन |
||
| 999 |
_c112023 _d112023 |
||